| Tag |
First Indicator |
Second Indicator |
Subfields |
| LEADER |
00000cam a2200000 4500 |
| 001 |
in00000986331 |
| 005 |
20150927182844.0 |
| 008 |
730131s1758 enk 00010 eng u |
| 010 |
|
|
|a 19005474
|
| 035 |
|
|
|a (OCoLC)00550015
|
| 035 |
|
|
|9 AEZ4304AM
|
| 040 |
|
|
|c OUN
|d m.c.
|d TXA
|d UtOrBLW
|
| 049 |
|
|
|a TXA1 [RARE]
|
| 050 |
|
0 |
|a PR3560 1758
|b vol. 2
|
| 100 |
1 |
|
|a Milton, John,
|d 1608-1674.
|
| 245 |
1 |
0 |
|a Paradise regain'd. :
|b A poem, in four books. To which is added Samson Agonistes: and Poems upon several occasions /
|c The author John Milton. From the text of Thomas Newton, D. D.
|
| 264 |
|
3 |
|a Birmingham :
|b Printed by John Baskerville, for J. and R. Tonson in London,
|c 1758.
|
| 300 |
|
|
|a 390 pages ;
|c 23 cm.
|
| 336 |
|
|
|a text
|b txt
|2 rdacontent
|
| 337 |
|
|
|a unmediated
|b n
|2 rdamedia
|
| 338 |
|
|
|a volume
|b nc
|2 rdacarrier
|
| 500 |
|
|
|a Lettered, "Baskerville's Milton. Volume II" "Paradise lost" being "vol. I."
|
| 500 |
|
|
|a "Samson Agonistes" and "Poems upon several occasions" have each a special t.-p.
|
| 700 |
1 |
|
|a Newton, Thomas,
|c bp. of Bristol,
|d 1704-1782,
|e editor.
|
| 740 |
0 |
|
|a Samson Agonistes.
|
| 999 |
|
|
|a MARS
|
| 999 |
f |
f |
|s 1f5aeee0-2800-3e42-81e7-3977f7c5a497
|i 784cdcd0-8ea2-340a-875c-2841372ed1d0
|t 0
|
| 952 |
f |
f |
|p noncirc
|a Texas A&M University
|b College Station
|c Cushing Memorial Library & Archives
|d Cushing: Rare Books (Does not check out)
|t 0
|e PR3560 1758 vol. 2
|h Library of Congress classification
|i unmediated -- volume
|
| 998 |
f |
f |
|a PR3560 1758 vol. 2
|t 0
|l Cushing: Rare Books (Does not check out)
|